Essential statistics

Αποθηκεύτηκε σε:
Λεπτομέρειες βιβλιογραφικής εγγραφής
Κύριος συγγραφέας: Rees, D. G.
Μορφή: Βιβλίο
Γλώσσα:English
Δημοσίευση: Boca Raton, Fla. : Chapman & Hall/CRC, 1995
Θέματα:
Ετικέτες: Προσθήκη ετικέτας
Δεν υπάρχουν, Καταχωρήστε ετικέτα πρώτοι!

MARC

LEADER 00000nam a2200000 i 4500
001 1/15243
008 010110s1995 eng d
020 |a 041-261-280-1 
035 |l 10065319 
040 |a GR-MY-UA  |b gre  |e aacr 
041 0 |a eng 
082 0 |a 519.5 
100 1 |a Rees, D. G. 
245 1 0 |a Essential statistics /  |c D. G. Rees 
260 |a Boca Raton, Fla. :   |b Chapman & Hall/CRC,   |c 1995 
300 |a xiv, 265 p.;  |b ill.;  |c 24 cm. 
504 |a Includes index 
650 0 0 |a Statistics. 
852 |a INST  |b SAMOS  |e 20010110  |h 519.5 REE  |p 005300022411  |q 005300022411  |t BK  |y 0 
901 |a BIBL3-2001-1 
909 |a Σ  |b 083989 
922 |a 3ΕΛΗ  |b 200011  |c ΤΣΑΕ/ΚΒ  |d ΜΙΧΑΛΟΠΟΥΛΟΣ 
950 |a 184-2000-09-12 
970 |a ΠΟΥΡΝΑΡΑΣ  |b ΔΗΜΗΤΡΗΣ  |z 2001/01/21